LEADER 01881nam0-22006251i-450 001 990008261850403321 005 20200901085711.0 010 $a88-08-23050-3 010 $a88-08-07135-9 035 $a000826185 035 $aFED01000826185 035 $a(Aleph)000826185FED01 035 $a000826185 100 $a20060124d2005----km-y0itay50------ba 101 1 $aita$ceng 102 $aIT 105 $aa---a---001yy 200 1 $a<>essenziale di biologia molecolare della cellula$fBruce Alberts, Dennis Bray, Karen Hopkin, Alexander Johnson, Julian Lewis, Martin Raff, Keith Roberts, Peter Walter 205 $a2. ed. 210 $aBologna$cZanichelli$dc2005 215 $axvi, 723 p, indici vari$cill.$d27 cm$e1 cd-rom 454 0$12001$aEssential cell biology$1205$a2nd ed.$1210$dc2004$957330 610 0 $aCitologia 610 0 $aBiologia cellulare 610 0 $aBiologia molecolare 676 $a574.87$v21 676 $a574.88$v21 676 $a571.6$v23$zita 702 1$aAlberts,$bBruce 702 1$aBray,$bDennis 702 1$aHopkin,$bKaren 702 1$aJohnson,$bAlexander 702 1$aLewis,$bJulian 801 0$aIT$bUNINA$gRICA$2UNIMARC 901 $aBK 912 $a990008261850403321 952 $a574.87-ALB-3$b3988$fSC1 952 $a574.87-ALB-3A$b4419$fSC1 952 $aBL-574.87-(11$b4251$fNAP10 952 $a60 571.6 ALBB 2005$b10248$fFAGBC 952 $a60 CD 91$b10248$fFAGBC 952 $a90 F 6a 42$b2905$fFMEBC 952 $a90 F 6a 43$b2906$fFMEBC 952 $aIII B 22-1$b1393$fFMVBC 952 $a80 VII A 66$b10203$fFFABC 952 $a80 VII A 67$b10204$fFFABC 952 $a80 VII A 68$b10208$fFFABC 959 $aSC1 959 $aNAP10 959 $aFAGBC 959 $aFMEBC 959 $aFFABC 959 $aFMVBC 996 $aEssential cell biology$957330 997 $aUNINA LEADER 01018cas0 2200301 450 001 SOBP100269 005 20230303085421.0 011 $a25850083 100 $a20050505a19409999|||||ita|0103 ba 101 $aita 102 $aIT 110 $aa 200 1 $aItalia$erivista trimestrale dell'Ente nazionale per le industrie turistiche e delle ferrovie dello Stato 207 1$aA. 1, inverno (1940/1941)- 210 $aRoma$cENIT 215 $av.$cill.$d33 cm 300 $aDall'a. 3 (1943), numerazione con numeri arabi 712 02$a*Ente *nazionale per le *industrie *turistiche$3SOBA00020397$4070 712 02$a*Ente *ferrovie dello *Stato$3SOBA00020400$4070 801 0$aIT$bUNISOB$c20230303$gRICA 850 $aUNISOB 852 $aUNISOB$jEst$m90319 912 $aSOBP100269 940 $aS 120 Periodico SBN 941 $aS 957 $aEst$b000370$gCON$d90319$rdono$uSospeso$1carrano$2UNISOB$3UNISOB$420060404074104.0$520230303084647.0$6catenaccif 996 $aItalia$983921 997 $aUNISOB